Cs. Nagy Lajos Helyesírási gyakorlókönyv : Budapest, Magyar Eszperantó Szövetség, 1989 /

Elmentve itt :
Bibliográfiai részletek
Szerzők: Farkas Ferenc
Cs. Nagy Lajos
Dokumentumtípus: Cikk
Megjelent: 1990
Sorozat:Módszertani közlemények 30 No. 3
Kulcsszavak:Neveléstudomány
Online Access:http://acta.bibl.u-szeged.hu/27666
LEADER 00701nab a2200193 i 4500
001 acta27666
005 20210223123209.0
008 161017s1990 hu o 0|| hun d
022 |a 1219-0039 
040 |a SZTE Egyetemi Kiadványok Repozitórium  |b hun 
041 |a hun 
100 1 |a Farkas Ferenc 
245 1 0 |a Cs. Nagy Lajos   |h [elektronikus dokumentum] :  |b Helyesírási gyakorlókönyv : Budapest, Magyar Eszperantó Szövetség, 1989 /  |c  Farkas Ferenc 
260 |c 1990 
300 |a 193-194 
490 0 |a Módszertani közlemények  |v 30 No. 3 
695 |a Neveléstudomány 
700 0 2 |a Cs. Nagy Lajos  |e aut 
856 4 0 |u http://acta.bibl.u-szeged.hu/27666/1/modszertani_030_003_193-194.pdf  |z Dokumentum-elérés